Las alturas: un decreto sin expropiación /
Saved in:
| Main Author: | |
|---|---|
| Format: | Text |
| Tags: |
Add Tag
No Tags, Be the first to tag this record!
|
MARC
| LEADER | 00000 a a2200000 04500 | ||
|---|---|---|---|
| 001 | 1608 | ||
| 003 | |||
| 040 | |||
| 100 | |a Sojo, Carlos | ||
| 245 | |a Las alturas: |b un decreto sin expropiación / |c Carlos Sojo | ||
| 773 | |g número 25; páginas 20-23 | ||
| 999 | |c 28422 |d 28422 | ||
